[Event "CAN-ch w"]
[Site "Toronto CAN"]
[Date "2004.04.09"]
[Round "1.3"]
[White "Belc, Daniela"]
[Black "Smith, Hazel"]
[Result "1-0"]
[WhiteElo "2103"]
[BlackElo "1923"]
[PlyCount "139"]
[GameId "2160767911166759"]
[EventDate "2004.04.09"]
[EventType "swiss"]
[EventRounds "6"]
[EventCountry "CAN"]

1. d4 e6 2. Nf3 Nf6 3. c4 Be7 4. Nc3 d5 5. Bg5 Nc6 6. e3 O-O 7. Qc2 h6 8. Bf4 a6 9. h3 Re8 10. Ne5 Nb4 11. Qd2 dxc4 12. Bxc4 c5 13. O-O b5 14. Be2 Bb7 15. a3 Nc6 16. Bf3 Qb6 17. dxc5 Bxc5 18. Nxc6 Bxc6 19. Bxc6 Qxc6 20. Rac1 Red8 21. Qe2 Qb6 22. Qf3 Rac8 23. Bxh6 Be7 24. Bg5 Qa5 25. h4 Kf8 26. e4 Ng8 27. Bxe7+ Nxe7 28. Rfd1 Nc6 29. Rxd8+ Rxd8 30. Qh5 Ne7 31. Rd1 Qc7 32. Qe2 Nc6 33. Rd2 Ne5 34. Qe1 Rxd2 35. Qxd2 Nc4 36. Qc2 Qd8 37. g3 Qd2 38. Qxd2 Nxd2 39. Kg2 Ke7 40. f3 Nc4 41. Nd1 Kd6 42. Kf2 Kc5 43. Ke2 Kd4 44. h5 f6 45. g4 e5 46. b3 Nxa3 47. Ne3 Kc3 48. Nf5 Nc2 49. Nxg7 Nd4+ 50. Ke3 Nc6 51. Ne6 Ne7 52. Nc7 Kxb3 53. Nxa6 Kc4 54. h6 Ng6 55. h7 b4 56. Kd2 b3 57. Nc7 b2 58. Kc2 Kd4 59. Nd5 b1=Q+ 60. Kxb1 Kd3 61. Nxf6 Ke3 62. Nd7 Kf4 63. Kc2 Nh8 64. Kd3 Kxf3 65. Nxe5+ Kf4 66. Kd4 Kg5 67. Kd5 Kh6 68. Ke6 Kxh7 69. Kf6 Kg8 70. g5 1-0

[Event "CAN-ch w"]
[Site "Toronto CAN"]
[Date "2004.04.09"]
[Round "1.4"]
[White "Xia, Angel"]
[Black "Barron, Irina"]
[Result "0-1"]
[WhiteElo "1910"]
[BlackElo "2100"]
[PlyCount "90"]
[GameId "2160767911166760"]
[EventDate "2004.04.09"]
[EventType "swiss"]
[EventRounds "6"]
[EventCountry "CAN"]

1. e4 c5 2. Nf3 Nc6 3. d4 cxd4 4. Nxd4 Nf6 5. Nc3 d6 6. Bg5 e6 7. Qd2 a6 8. O-O-O Bd7 9. f4 b5 10. Nxc6 Bxc6 11. Bd3 b4 12. Ne2 Qb6 13. Ng3 h6 14. Bxf6 gxf6 15. Nh5 Be7 16. g4 O-O-O 17. Rhf1 a5 18. Qe2 a4 19. e5 a3 20. exf6 axb2+ 21. Kxb2 Bxf6+ 22. Nxf6 Qd4+ 23. Kb1 Qxf6 24. Bb5 Bd5 25. f5 Kc7 26. Bc4 Qe5 27. Qxe5 dxe5 28. Bxd5 exd5 29. Kb2 Kd6 30. Kb3 Ra8 31. f6 Kc5 32. Rf5 Ra3+ 33. Kb2 Re3 34. Rh5 Kd6 35. g5 Rf3 36. Rg1 Rf5 37. Kb3 Rg8 38. Rxh6 Rgxg5 39. Rxg5 Rxg5 40. Kxb4 Rg2 41. Kc3 d4+ 42. Kd3 Kd5 43. Rh4 Rf2 44. a4 e4+ 45. Rxe4 Rf3+ 0-1

[Event "CAN-ch w"]
[Site "Toronto CAN"]
[Date "2004.04.09"]
[Round "1.5"]
[White "Mongeau, Diane"]
[Black "Serbanescu, Natasa"]
[Result "1/2-1/2"]
[WhiteElo "2029"]
[BlackElo "1850"]
[PlyCount "96"]
[GameId "2160767911166761"]
[EventDate "2004.04.09"]
[EventType "swiss"]
[EventRounds "6"]
[EventCountry "CAN"]

1. d4 Nf6 2. Nf3 d5 3. Bf4 e6 4. Nbd2 c5 5. c3 Nc6 6. e3 Bd6 7. Bg3 O-O 8. Bd3 h6 9. Qe2 c4 10. Bc2 b5 11. e4 Bxg3 12. hxg3 e5 13. dxe5 Ng4 14. exd5 Ncxe5 15. Nxe5 Nxe5 16. O-O Re8 17. Qe4 f5 18. Qd4 Qd6 19. Rfe1 Bd7 20. f4 Ng4 21. Nf3 Nf6 22. Ne5 a6 23. Red1 Rad8 24. b3 Bc8 25. bxc4 bxc4 26. Qxc4 Nxd5 27. Rxd5 Qxd5 28. Qxd5+ Rxd5 29. Bb3 Be6 30. Bxd5 Bxd5 31. a3 Rc8 32. Rc1 Bc4 33. Kf2 Kf8 34. Ke3 Ke7 35. Nxc4 Rxc4 36. Kd3 Ra4 37. Ra1 Kd6 38. Kc2 Kc5 39. Kb3 Re4 40. Rf1 a5 41. a4 Re2 42. Rf3 Rxg2 43. Re3 Kb6 44. Re6+ Kc5 45. Re5+ Kb6 46. Re6+ Kc5 47. Re5+ Kb6 48. Re3 Kc5 1/2-1/2

[Event "CAN-ch w"]
[Site "Toronto CAN"]
[Date "2004.04.09"]
[Round "1.6"]
[White "Szucs, Nadia"]
[Black "Benggawan, Amanda"]
[Result "0-1"]
[WhiteElo "1760"]
[BlackElo "2029"]
[PlyCount "62"]
[GameId "2160767911166762"]
[EventDate "2004.04.09"]
[EventType "swiss"]
[EventRounds "6"]
[EventCountry "CAN"]

1. e4 c5 2. Nf3 e6 3. Nc3 Nc6 4. Bc4 Nge7 5. Qe2 d6 6. d3 g6 7. O-O Bg7 8. Bg5 O-O 9. Rfe1 a6 10. Qd2 b5 11. Bb3 Re8 12. Bh6 Ne5 13. Nxe5 Bxe5 14. Nd1 Qc7 15. c3 d5 16. f4 Bh8 17. exd5 c4 18. dxc4 bxc4 19. Bc2 Rd8 20. Ne3 Qc5 21. Kh1 Nxd5 22. f5 Bf6 23. Rad1 Bb7 24. fxe6 Nf4 25. exf7+ Kxf7 26. Qf2 Nxg2 27. Kg1 Nxe3 28. Bxe3 Qc6 29. Kf1 Kg8 30. Bb3 Bh4 31. Qf4 Qg2# 0-1

[Event "CAN-ch w"]
[Site "Toronto CAN"]
[Date "2004.04.09"]
[Round "1.7"]
[White "Khaziyeva, Dinara"]
[Black "Benggawan, Alexandra"]
[Result "1-0"]
[WhiteElo "2026"]
[BlackElo "1840"]
[PlyCount "84"]
[GameId "2160767911166763"]
[EventDate "2004.04.09"]
[EventType "swiss"]
[EventRounds "6"]
[EventCountry "CAN"]

1. b3 Nf6 2. Bb2 d5 3. g3 Bf5 4. d3 c6 5. Nf3 Na6 6. Nbd2 Qc7 7. Bg2 Nd7 8. e4 Bg4 9. O-O dxe4 10. Nxe4 Nac5 11. Nxc5 Nxc5 12. d4 O-O-O 13. Qc1 Ne6 14. Ne5 Bh5 15. Qe3 Qb6 16. Bh3 Kb8 17. Nxf7 Bxf7 18. Bxe6 Bxe6 19. Qxe6 Rd6 20. Qe5 Qc7 21. c4 h5 22. d5 c5 23. Bc1 Rf6 24. Bf4 Qd6 25. Qe3 Rxf4 26. Qxf4 Qxf4 27. gxf4 Rh6 28. Rfe1 Kc7 29. Kg2 Rf6 30. Re4 g6 31. Rae1 Kd7 32. h4 Rf7 33. Kg3 Bg7 34. a3 Bb2 35. a4 a5 36. Re6 Bf6 37. Rb6 Kc7 38. Ree6 Rg7 39. Rb5 Bd4 40. Reb6 Kd8 41. Rxb7 Ke8 42. Rxa5 Kf7 1-0

[Event "CAN-ch w"]
[Site "Toronto CAN"]
[Date "2004.04.09"]
[Round "2.1"]
[White "Benggawan, Amanda"]
[Black "Khoudgarian, Natalia"]
[Result "1/2-1/2"]
[WhiteElo "2029"]
[BlackElo "2304"]
[PlyCount "86"]
[GameId "2160767911166764"]
[EventDate "2004.04.09"]
[EventType "swiss"]
[EventRounds "6"]
[EventCountry "CAN"]

1. e4 e6 2. d4 d5 3. Bd3 dxe4 4. Bxe4 Nf6 5. Bf3 c5 6. Ne2 Be7 7. O-O O-O 8. c3 cxd4 9. Nxd4 e5 10. Nb3 Qc7 11. Bg5 Bf5 12. Re1 Nbd7 13. N1d2 Rfe8 14. Bh4 Rad8 15. Bg3 Bd3 16. Re3 Ba6 17. Qc2 Bd6 18. Rae1 Nf8 19. Qf5 Ng6 20. Qc2 Re7 21. c4 Rc8 22. Rc1 b6 23. Qc3 Bb7 24. Qd3 Rd7 25. Qe2 Nf4 26. Bxf4 exf4 27. Rd3 Re8 28. Qd1 Bb4 29. Rxd7 Qxd7 30. Bxb7 Qxb7 31. a3 Bxd2 32. Nxd2 h6 33. Nf3 Qe4 34. Kf1 Ng4 35. Qd2 g5 36. b4 Ne5 37. Nxe5 Qxe5 38. f3 Rc8 39. Qd3 Kg7 40. Re1 Qf6 41. Kf2 b5 42. Re4 Qb2+ 43. Re2 Qf6 1/2-1/2

[Event "CAN-ch w"]
[Site "Toronto CAN"]
[Date "2004.04.09"]
[Round "2.2"]
[White "Laimer, Alice"]
[Black "Belc, Daniela"]
[Result "0-1"]
[WhiteElo "1547"]
[BlackElo "2103"]
[PlyCount "76"]
[GameId "2160767911166765"]
[EventDate "2004.04.09"]
[EventType "swiss"]
[EventRounds "6"]
[EventCountry "CAN"]

1. e4 c5 2. Nf3 a6 3. d4 cxd4 4. Nxd4 Nf6 5. Nc3 e5 6. Nb3 Bb4 7. Qd3 d5 8. exd5 Nxd5 9. Be2 Nxc3 10. Qxd8+ Kxd8 11. Bd2 Nxe2 12. Bxb4 Nd4 13. O-O-O Nbc6 14. Bc5 Kc7 15. Bxd4 exd4 16. Rhe1 Be6 17. Nxd4 Nxd4 18. Rxd4 Rhd8 19. Rh4 h6 20. b3 Rd7 21. Re2 Rad8 22. f3 Rd1+ 23. Kb2 R8d2 24. Rhe4 Rxe2 25. Rxe2 Rh1 26. h3 Rh2 27. Kc3 Rh1 28. Kb2 h5 29. f4 g6 30. Re3 h4 31. Rc3+ Kd6 32. Re3 Rf1 33. Rd3+ Kc5 34. g3 hxg3 35. Rxg3 Rxf4 36. a3 Rh4 37. b4+ Kd4 38. Rd3+ Ke4 0-1

[Event "CAN-ch w"]
[Site "Toronto CAN"]
[Date "2004.04.09"]
[Round "2.3"]
[White "Barron, Irina"]
[Black "Khaziyeva, Dinara"]
[Result "1/2-1/2"]
[WhiteElo "2100"]
[BlackElo "2026"]
[PlyCount "172"]
[GameId "2160767911166766"]
[EventDate "2004.04.09"]
[EventType "swiss"]
[EventRounds "6"]
[EventCountry "CAN"]

1. d4 Nf6 2. c4 d6 3. Nc3 c6 4. e4 Nbd7 5. f3 e5 6. d5 c5 7. Nh3 Be7 8. Be3 O-O 9. g4 Ne8 10. Qd2 a6 11. O-O-O Qa5 12. Kb1 Nc7 13. Ne2 Qxd2 14. Bxd2 Rb8 15. Ka1 b5 16. b3 Nb6 17. Nc3 Bd7 18. Be2 Rb7 19. Nf2 Ra8 20. Rb1 Rba7 21. Rb2 b4 22. Ncd1 a5 23. Kb1 a4 24. Kc2 Bh4 25. Nd3 axb3+ 26. axb3 Ra1 27. Rb1 Rxb1 28. Kxb1 Ne8 29. N1b2 g6 30. Rg1 Be7 31. f4 f6 32. fxe5 fxe5 33. g5 Ng7 34. Rf1 Rf8 35. Rxf8+ Kxf8 36. Nf2 Nh5 37. Nbd3 Kg8 38. Kc2 h6 39. gxh6 Kh7 40. Bg4 Be8 41. Be6 g5 42. Ng4 Bg6 43. Ndf2 Nf4 44. Bxf4 gxf4 45. Kd3 Bg5 46. Ke2 Bxh6 47. Kf3 Kg7 48. Bf5 Be8 49. Nd3 Bh5 50. Be6 Bg5 51. Bf5 Na8 52. Kg2 Bf6 53. h3 Nc7 54. Bd7 Bg6 55. Kf3 Bh5 56. Kg2 Bf7 57. Kf3 Bg6 58. Bf5 Ne8 59. Bxg6 Kxg6 60. Ke2 Kg5 61. Kf3 Be7 62. Ngxe5 dxe5 63. Nxe5 Nd6 64. Nd3 Nf7 65. Nxf4 Bd6 66. Ng2 Ne5+ 67. Ke3 Ng6 68. Ne1 Nf4 69. h4+ Kg4 70. Nf3 Ng6 71. e5 Nxe5 72. Nxe5+ Bxe5 73. Ke4 Bd6 74. h5 Kxh5 75. Kf5 Kh6 76. Ke6 Bf4 77. d6 Kg7 78. d7 Bc7 79. Ke7 Kg6 80. d8=Q Bxd8+ 81. Kxd8 Kf5 82. Kd7 Ke5 83. Kc6 Kd4 84. Kd6 Kc3 85. Kd5 Kxb3 86. Kxc5 Ka3 1/2-1/2

[Event "CAN-ch w"]
[Site "Toronto CAN"]
[Date "2004.04.09"]
[Round "2.4"]
[White "Starr (Shterenberg), Nava"]
[Black "Mongeau, Diane"]
[Result "0-1"]
[WhiteElo "2275"]
[BlackElo "2029"]
[PlyCount "48"]
[GameId "2160767911166767"]
[EventDate "2004.04.09"]
[EventType "swiss"]
[EventRounds "6"]
[EventCountry "CAN"]

1. e4 g6 2. d4 Bg7 3. Nc3 b6 4. Nf3 Bb7 5. Bc4 e6 6. Qe2 Ne7 7. Bg5 d6 8. O-O-O Nd7 9. h4 h6 10. Bf4 a6 11. e5 d5 12. Bd3 c5 13. Qe3 c4 14. Bf1 b5 15. a3 Bc6 16. Na2 a5 17. g3 Qb6 18. Qe1 b4 19. Qe3 Nf5 20. Qe2 bxa3 21. bxa3 Rb8 22. Qe1 Qb2+ 23. Kd2 Rb3 24. Ke2 Qxc2+ 0-1

[Event "CAN-ch w"]
[Site "Toronto CAN"]
[Date "2004.04.09"]
[Round "2.5"]
[White "Serbanescu, Natasa"]
[Black "Kagramanov, Dina"]
[Result "0-1"]
[WhiteElo "1850"]
[BlackElo "2005"]
[PlyCount "80"]
[GameId "2160767911166768"]
[EventDate "2004.04.09"]
[EventType "swiss"]
[EventRounds "6"]
[EventCountry "CAN"]

1. e4 c5 2. Nf3 e6 3. d4 cxd4 4. Nxd4 a6 5. Nc3 b5 6. a3 Bb7 7. Be3 d6 8. Qd2 Nf6 9. f3 Be7 10. g4 h6 11. h4 d5 12. exd5 Nxd5 13. Bf2 Qc7 14. Nxd5 Bxd5 15. Be2 Nc6 16. Rh3 Rd8 17. Bg3 Qb6 18. O-O-O Bc4 19. Bxc4 Rxd4 20. Bf2 Rxd2 21. Bxb6 Rxd1+ 22. Kxd1 bxc4 23. f4 Bf6 24. c3 Ne7 25. Bd4 Bxd4 26. cxd4 Nd5 27. Rf3 Ke7 28. Kd2 Rb8 29. Kc2 Kd6 30. g5 h5 31. Kc1 Rb3 32. Rf2 Rd3 33. f5 Rxd4 34. fxe6 Kxe6 35. Re2+ Kf5 36. Re8 Rxh4 37. Ra8 Rd4 38. Rxa6 Ne3 39. Ra5+ Kf4 40. Kb1 h4 0-1

[Event "CAN-ch w"]
[Site "Toronto CAN"]
[Date "2004.04.09"]
[Round "2.6"]
[White "Charbonneau, Anne-Marie"]
[Black "Xia, Angel"]
[Result "1/2-1/2"]
[WhiteElo "2012"]
[BlackElo "1910"]
[PlyCount "84"]
[GameId "2160767911166769"]
[EventDate "2004.04.09"]
[EventType "swiss"]
[EventRounds "6"]
[EventCountry "CAN"]

1. d4 d5 2. c4 Nf6 3. cxd5 Bf5 4. Nc3 Nxd5 5. Qb3 Nxc3 6. bxc3 b6 7. e3 e6 8. Bb5+ c6 9. Be2 Be7 10. Nf3 Nd7 11. O-O O-O 12. Nd2 Nf6 13. Bf3 Rc8 14. e4 Bg6 15. e5 Nd5 16. Ne4 c5 17. c4 Nb4 18. dxc5 Bxc5 19. Nxc5 bxc5 20. Be3 Qc7 21. Bf4 Nd3 22. Bg3 Nxe5 23. Be2 Bf5 24. Qc3 f6 25. Rfe1 Rfd8 26. Bf1 Rd4 27. Bxe5 fxe5 28. Re3 Rcd8 29. Rae1 e4 30. g3 Rd2 31. Bg2 R2d3 32. Rxd3 exd3 33. Rd1 e5 34. h3 e4 35. Kh2 Rd4 36. Rd2 Be6 37. Bxe4 Rxc4 38. Qxd3 Rd4 39. Qe3 Qd6 40. Rxd4 cxd4 41. Qd3 h6 42. a3 Kf7 1/2-1/2

[Event "CAN-ch w"]
[Site "Toronto CAN"]
[Date "2004.04.09"]
[Round "2.7"]
[White "Smith, Hazel"]
[Black "Benggawan, Alexandra"]
[Result "1-0"]
[WhiteElo "1923"]
[BlackElo "1840"]
[PlyCount "123"]
[GameId "2160767911166770"]
[EventDate "2004.04.09"]
[EventType "swiss"]
[EventRounds "6"]
[EventCountry "CAN"]

1. e4 e6 2. d4 d5 3. Nd2 Nh6 4. c3 c5 5. exd5 Qxd5 6. Ngf3 Nc6 7. Bc4 Qd7 8. Ne4 cxd4 9. Bxh6 f5 10. Bg5 fxe4 11. Nxd4 Nxd4 12. Qxd4 Qxd4 13. cxd4 Be7 14. Bxe7 Kxe7 15. O-O Bd7 16. d5 Rac8 17. Bb3 exd5 18. Bxd5 Bc6 19. Bxc6 Rxc6 20. Rfe1 Re6 21. Rac1 Rd8 22. Kf1 Rd4 23. Rc7+ Rd7 24. Rc4 Kf6 25. Rcxe4 Rxe4 26. Rxe4 Rd2 27. Rb4 b6 28. a4 Ke6 29. b3 Rb2 30. Re4+ Kf6 31. Re3 Rc2 32. Rd3 Ke6 33. Ke1 Rb2 34. Rf3 Rc2 35. Re3+ Kf6 36. Re2 Rc3 37. Re3 Rc2 38. Kf1 Rb2 39. h3 Rc2 40. Kg1 Rb2 41. Rf3+ Ke6 42. Kh2 Rc2 43. g4 Re2 44. Re3+ Rxe3 45. fxe3 Ke5 46. Kg3 Ke4 47. Kf2 g5 48. Ke2 a5 49. Kd2 Kf3 50. Kd3 Kg3 51. e4 Kxh3 52. e5 Kxg4 53. e6 h5 54. e7 h4 55. e8=Q h3 56. Qe1 Kf3 57. Qh1+ Kg3 58. Ke2 g4 59. Qg1+ Kh4 60. Kf2 Kh5 61. Kg3 Kg5 62. Qxb6 1-0

[Event "CAN-ch w"]
[Site "Toronto CAN"]
[Date "2004.04.10"]
[Round "3.1"]
[White "Belc, Daniela"]
[Black "Khoudgarian, Natalia"]
[Result "0-1"]
[WhiteElo "2103"]
[BlackElo "2304"]
[PlyCount "110"]
[GameId "2160767911166771"]
[EventDate "2004.04.09"]
[EventType "swiss"]
[EventRounds "6"]
[EventCountry "CAN"]

1. d4 e6 2. c4 f5 3. g3 Nf6 4. Bg2 c6 5. Nf3 d5 6. Nbd2 Bd6 7. e3 O-O 8. O-O b6 9. Qc2 Bb7 10. b3 a5 11. a3 Qe7 12. Bb2 Nbd7 13. Ne5 Rac8 14. Rfc1 Rfd8 15. Nd3 c5 16. dxc5 Nxc5 17. Nf4 Nce4 18. Nxe4 dxe4 19. Qe2 e5 20. Nh3 Nd7 21. Rd1 Nc5 22. b4 axb4 23. axb4 Nd3 24. c5 bxc5 25. b5 c4 26. Bc3 Bd5 27. f3 exf3 28. Bxf3 Bc5 29. Bxd5+ Rxd5 30. Kg2 Rb8 31. e4 Rdd8 32. exf5 Rxb5 33. Qe4 Bd4 34. Bxd4 Rxd4 35. Ra8+ Kf7 36. Qf3 Qb7 37. Ng5+ Ke7 38. Qxb7+ Rxb7 39. Ra6 Nf4+ 40. gxf4 Rb2+ 41. Kh3 Rxd1 42. fxe5 Rd3+ 43. Kg4 Rg2+ 44. Kf4 Rf2+ 45. Ke4 Re2+ 46. Kf4 Rd4+ 47. Kf3 Rxe5 48. Nxh7 Rxf5+ 49. Ke3 Rd7 50. h4 Rh5 51. Ng5 Rd3+ 52. Ke2 Rxh4 53. Ra7+ Kf6 54. Nf3 Re4+ 55. Kf2 Rf4 0-1

[Event "CAN-ch w"]
[Site "Toronto CAN"]
[Date "2004.04.10"]
[Round "3.2"]
[White "Mongeau, Diane"]
[Black "Barron, Irina"]
[Result "0-1"]
[WhiteElo "2029"]
[BlackElo "2100"]
[PlyCount "84"]
[GameId "2160767911166772"]
[EventDate "2004.04.09"]
[EventType "swiss"]
[EventRounds "6"]
[EventCountry "CAN"]

1. d4 Nf6 2. Nf3 g6 3. Bg5 d5 4. Bxf6 exf6 5. e3 Bg4 6. h3 Bxf3 7. Qxf3 c6 8. Nd2 Bg7 9. c4 dxc4 10. Bxc4 O-O 11. O-O f5 12. b4 Nd7 13. Rab1 Rb8 14. Rfc1 Qe7 15. a4 Rfd8 16. Qf4 Bf8 17. g3 Qf6 18. h4 Bd6 19. Qf3 Qe7 20. b5 c5 21. Nb3 Kg7 22. Bf1 cxd4 23. Nxd4 Ne5 24. Qe2 Rbc8 25. Bh3 Kg8 26. Rxc8 Rxc8 27. Rd1 Rd8 28. f4 Ng4 29. Bxg4 fxg4 30. Kf2 h5 31. Nb3 Rc8 32. Qd3 Bb4 33. Rc1 Rd8 34. Qc2 Qd6 35. Nd4 b6 36. Qc6 Bc5 37. Qxd6 Rxd6 38. Ke2 Bxd4 39. Rd1 Bc5 40. Rxd6 Bxd6 41. e4 Kf8 42. e5 Bc5 0-1

[Event "CAN-ch w"]
[Site "Toronto CAN"]
[Date "2004.04.10"]
[Round "3.3"]
[White "Khaziyeva, Dinara"]
[Black "Benggawan, Amanda"]
[Result "1-0"]
[WhiteElo "2026"]
[BlackElo "2029"]
[PlyCount "91"]
[GameId "2160767911166773"]
[EventDate "2004.04.09"]
[EventType "swiss"]
[EventRounds "6"]
[EventCountry "CAN"]

1. c4 c5 2. Nf3 Nc6 3. g3 g6 4. Bg2 Bg7 5. Nc3 e5 6. d3 Nf6 7. O-O O-O 8. Bg5 h6 9. Bxf6 Qxf6 10. Rb1 d6 11. Nd2 a6 12. Nd5 Qd8 13. b4 cxb4 14. Nxb4 Bd7 15. Ne4 Nxb4 16. Rxb4 Bc6 17. Nc3 h5 18. Qb3 a5 19. Rb6 e4 20. Nxe4 Bd4 21. Rxb7 Bxb7 22. Qxb7 Rb8 23. Qd5 Bc5 24. d4 Ba3 25. Bf3 Rb2 26. Ra1 Kg7 27. Nc3 Rd2 28. Nb5 Bc5 29. e3 a4 30. Qc6 Bb4 31. a3 Ba5 32. Nxd6 Bc3 33. Rb1 Qa5 34. Qb5 Ra2 35. Qxa5 Bxa5 36. Nb5 Rc8 37. Bd5 Rb8 38. Kf1 Kf6 39. Bf3 Rc2 40. c5 Ke7 41. Bd1 Rc4 42. Ke2 Bc7 43. Kd3 Rc1 44. Rxc1 Rxb5 45. Bxa4 Rb2 46. Rc2 1-0

[Event "CAN-ch w"]
[Site "Toronto CAN"]
[Date "2004.04.10"]
[Round "3.4"]
[White "Kagramanov, Dina"]
[Black "Smith, Hazel"]
[Result "0-1"]
[WhiteElo "1923"]
[BlackElo "1923"]
[PlyCount "98"]
[GameId "2160767911166774"]
[EventDate "2004.04.09"]
[EventType "swiss"]
[EventRounds "6"]
[EventCountry "CAN"]

1. e4 e6 2. d4 d5 3. exd5 exd5 4. Nf3 Bd6 5. Bd3 Nc6 6. h3 Nge7 7. O-O Nb4 8. Bb5+ Bd7 9. Bxd7+ Qxd7 10. a3 Nbc6 11. Nc3 O-O-O 12. Nb5 f6 13. Nxd6+ Qxd6 14. Qd3 g5 15. b4 h5 16. Bd2 Rde8 17. b5 Nd8 18. Rfe1 Qd7 19. Bb4 Nf5 20. Rxe8 Rxe8 21. Re1 Rg8 22. Nd2 g4 23. Nb3 b6 24. a4 Nb7 25. c4 gxh3 26. Qxh3 dxc4 27. Nd2 Rg5 28. Ne4 Rg6 29. Qxh5 Rh6 30. Qg4 Nd8 31. Bd2 Rh4 32. Qf3 Nxd4 33. Qxf6 Nf5 34. Bg5 Rh7 35. Nc3 Rf7 36. Qe5 Rf8 37. Rd1 Nd6 38. Qd5 N8b7 39. Ne4 Kb8 40. Qxc4 Qf5 41. Qe2 Nxe4 42. Bh6 Rh8 43. Re1 Nbd6 44. f3 Ng3 45. Qf2 Qg6 46. Re7 Rxh6 47. Qd2 Rh1+ 48. Kf2 Rf1+ 49. Ke3 Nc4+ 0-1

[Event "CAN-ch w"]
[Site "Toronto CAN"]
[Date "2004.04.10"]
[Round "3.5"]
[White "Laimer, Alice"]
[Black "Szucs, Nadia"]
[Result "0-1"]
[WhiteElo "1547"]
[BlackElo "1760"]
[PlyCount "108"]
[GameId "2160767911166775"]
[EventDate "2004.04.09"]
[EventType "swiss"]
[EventRounds "6"]
[EventCountry "CAN"]

1. e4 c5 2. Nf3 Nc6 3. d4 cxd4 4. Nxd4 e6 5. Nc3 a6 6. Be2 Nf6 7. Be3 Bb4 8. Bf3 Qa5 9. Qd2 Ne5 10. Nb3 Nc4 11. Nxa5 Nxd2 12. Bxd2 Bxa5 13. a3 O-O 14. b4 Bc7 15. O-O Be5 16. Rad1 b5 17. Nb1 Bb7 18. Rfe1 Rac8 19. c3 Rc4 20. g3 Bxe4 21. Re3 Bxf3 22. Rxf3 d5 23. Rd3 Rfc8 24. f3 Nd7 25. f4 Bf6 26. Rc1 Nb6 27. Kf2 d4 28. Ke2 Nd5 29. h3 dxc3 30. Nxc3 Bxc3 31. Rd1 Bxd2 32. R1xd2 g6 33. h4 Rc3 34. Kf3 Rxd3+ 35. Rxd3 Rc3 36. Ke2 Kg7 37. Rd1 Rxa3 38. Kf2 Nxb4 39. Rd6 Nd3+ 40. Kg2 Nc5 41. Rd1 Ne4 42. Rd4 Nxg3 43. Kf2 Nf5 44. Re4 Nxh4 45. Rd4 Nf5 46. Rd1 a5 47. Rc1 b4 48. Rb1 Ne3 49. Ke2 Nd5 50. Kf2 Nxf4 51. Kg1 Ra2 52. Kh1 Nd5 53. Kg1 a4 54. Kh1 b3 0-1

[Event "CAN-ch w"]
[Site "Toronto CAN"]
[Date "2004.04.10"]
[Round "3.6"]
[White "Xia, Angel"]
[Black "Starr (Shterenberg), Nava"]
[Result "1-0"]
[WhiteElo "1910"]
[BlackElo "2275"]
[PlyCount "61"]
[GameId "2160767911166776"]
[EventDate "2004.04.09"]
[EventType "swiss"]
[EventRounds "6"]
[EventCountry "CAN"]

1. e4 e5 2. Nf3 Nc6 3. Bb5 f5 4. d4 fxe4 5. Bxc6 bxc6 6. Nxe5 Nf6 7. Bg5 Bb7 8. Nd2 c5 9. c3 cxd4 10. Qb3 Qe7 11. Qxb7 Rd8 12. cxd4 Qe6 13. O-O h6 14. Bh4 g5 15. Bg3 c6 16. Rfe1 Qd5 17. Qb3 Rh7 18. Qxd5 cxd5 19. f3 Rb8 20. Nb3 Rb6 21. Rac1 Bb4 22. Rc8+ Ke7 23. Re2 Ke6 24. Nc5+ Kf5 25. fxe4+ Nxe4 26. Rf8+ Rf6 27. Rxf6+ Kxf6 28. Nexd7+ Kf5 29. Nxe4 dxe4 30. Rf2+ Ke6 31. Nf6 1-0

[Event "CAN-ch w"]
[Site "Toronto CAN"]
[Date "2004.04.10"]
[Round "3.7"]
[White "Serbanescu, Natasa"]
[Black "Charbonneau, Anne-Marie"]
[Result "0-1"]
[WhiteElo "1850"]
[BlackElo "2012"]
[PlyCount "96"]
[GameId "2160767911166777"]
[EventDate "2004.04.09"]
[EventType "swiss"]
[EventRounds "6"]
[EventCountry "CAN"]

1. e4 c5 2. Nf3 e6 3. d4 cxd4 4. Nxd4 Nf6 5. Bd3 d6 6. Nc3 Nc6 7. Nxc6 bxc6 8. O-O g6 9. Bg5 h6 10. Be3 Bg7 11. h3 O-O 12. Qd2 Kh7 13. f4 e5 14. fxe5 dxe5 15. Rad1 Be6 16. Qf2 Qb8 17. b3 Nd7 18. Qh4 Qd8 19. Qf2 Qc7 20. g4 Qb7 21. Qh4 Qc7 22. Bxh6 Bxh6 23. g5 Rh8 24. gxh6 Qd8 25. Qxd8 Raxd8 26. Be2 Kxh6 27. Kg2 Kg7 28. Bg4 Nc5 29. b4 Bxg4 30. hxg4 Ne6 31. Rxd8 Rxd8 32. Rd1 Rxd1 33. Nxd1 Nd4 34. Ne3 Kf6 35. c3 Nb5 36. c4 Nc3 37. a3 Nxe4 38. a4 Ke6 39. b5 cxb5 40. axb5 f5 41. gxf5+ gxf5 42. Kf3 Nd6 43. c5 Nxb5 44. Kf2 a5 45. c6 a4 46. Nc4 a3 47. c7 Kd7 48. Nxe5+ Kxc7 0-1

[Event "CAN-ch w"]
[Site "Toronto CAN"]
[Date "2004.04.10"]
[Round "4.1"]
[White "Khoudgarian, Natalia"]
[Black "Khaziyeva, Dinara"]
[Result "1/2-1/2"]
[WhiteElo "2304"]
[BlackElo "2026"]
[PlyCount "124"]
[GameId "2160767911166778"]
[EventDate "2004.04.09"]
[EventType "swiss"]
[EventRounds "6"]
[EventCountry "CAN"]

1. e4 d6 2. d4 Nf6 3. Bd3 e5 4. c3 Be7 5. h3 c5 6. dxe5 dxe5 7. Nf3 Qc7 8. Qe2 O-O 9. O-O Nc6 10. Nbd2 h6 11. Rd1 Be6 12. Bc4 Bxc4 13. Nxc4 Rfd8 14. Rxd8+ Rxd8 15. a4 b6 16. Qc2 a6 17. Be3 b5 18. axb5 axb5 19. Ncd2 c4 20. b4 Qd7 21. Ra6 Rb8 22. Ne1 Ne8 23. Ndf3 Bd8 24. Qd2 Qb7 25. Ra1 Bb6 26. Bxb6 Qxb6 27. Rd1 Rd8 28. Qe2 Nf6 29. Rxd8+ Qxd8 30. g3 Qd7 31. Kg2 Qd6 32. Qe3 Nd7 33. Qd2 Qxd2 34. Nxd2 f6 35. Nc2 Nb6 36. Ne3 g6 37. f4 Kf7 38. Kf3 exf4 39. gxf4 Ke6 40. h4 h5 41. f5+ gxf5 42. Nxf5 Ne5+ 43. Ke3 Na4 44. Nd4+ Kd6 45. Nxb5+ Kc6 46. Nd4+ Kd7 47. Ne2 Kc6 48. Kd4 Kb5 49. Kd5 Ng6 50. Nf3 Nf4+ 51. Nxf4 Nxc3+ 52. Kd4 Kxb4 53. Nd5+ Nxd5 54. Kxd5 Kc3 55. Nd4 Kd3 56. Nb5 c3 57. Na3 c2 58. Nxc2 Kxc2 59. e5 fxe5 60. Kxe5 Kd3 61. Kf4 Kd4 62. Kg5 Ke5 1/2-1/2

[Event "CAN-ch w"]
[Site "Toronto CAN"]
[Date "2004.04.10"]
[Round "4.2"]
[White "Barron, Irina"]
[Black "Belc, Daniela"]
[Result "1/2-1/2"]
[WhiteElo "2100"]
[BlackElo "2103"]
[PlyCount "86"]
[GameId "2160767911166779"]
[EventDate "2004.04.09"]
[EventType "swiss"]
[EventRounds "6"]
[EventCountry "CAN"]

1. d4 d5 2. c4 c6 3. e3 Nf6 4. Nc3 Bf5 5. Nf3 e6 6. Be2 Bd6 7. Ne5 O-O 8. f4 Ne4 9. Nxe4 Bxe4 10. O-O f6 11. Ng4 Nd7 12. Nf2 Bg6 13. c5 Be7 14. b4 e5 15. a4 b6 16. a5 b5 17. g4 Qc7 18. f5 Bf7 19. Nd3 Rae8 20. Bd2 Bd8 21. Be1 Qb8 22. Bg3 Bc7 23. Qd2 exd4 24. Bxc7 dxe3 25. Bxb8 exd2 26. Bd6 Rxe2 27. Bxf8 Kxf8 28. Rf2 Re4 29. Rxd2 Rxg4+ 30. Rg2 Rd4 31. Ra3 Ne5 32. Nxe5 fxe5 33. Rag3 Rxb4 34. Rxg7 Rb1+ 35. Kf2 Rb2+ 36. Ke1 Rxg2 37. Rxg2 e4 38. Rd2 Ke7 39. Kf2 Kf6 40. Ke3 Ke5 41. f6 b4 42. Rd4 b3 43. Rb4 h5 1/2-1/2

[Event "CAN-ch w"]
[Site "Toronto CAN"]
[Date "2004.04.10"]
[Round "4.3"]
[White "Smith, Hazel"]
[Black "Szucs, Nadia"]
[Result "1-0"]
[WhiteElo "1923"]
[BlackElo "1760"]
[PlyCount "95"]
[GameId "2160767911166780"]
[EventDate "2004.04.09"]
[EventType "swiss"]
[EventRounds "6"]
[EventCountry "CAN"]

1. e4 c5 2. Nf3 Nc6 3. d4 cxd4 4. Nxd4 e6 5. Nc3 Bb4 6. a3 Qa5 7. Qd3 Bxc3+ 8. Qxc3 Qxc3+ 9. bxc3 a6 10. Bd3 Nge7 11. O-O O-O 12. Re1 d5 13. exd5 Nxd5 14. Nxc6 bxc6 15. c4 Ne7 16. Rb1 Rd8 17. Bf4 f6 18. Bc7 Rd7 19. Ba5 Kf7 20. Rb6 Rb7 21. Reb1 Rab8 22. R6b3 Rxb3 23. cxb3 e5 24. b4 Bf5 25. Rd1 Ke6 26. Be2 Bc2 27. Rd2 Ba4 28. Kf1 c5 29. Bc7 Rb7 30. Rd6+ Kf7 31. Rxa6 cxb4 32. Rxa4 bxa3 33. Ba5 Ra7 34. Rxa3 Nc6 35. Bb4 Rb7 36. Be1 Nd4 37. Bf3 Rb1 38. Bd5+ Kf8 39. Rc3 Ke7 40. Be4 Ra1 41. Bxh7 f5 42. Bg8 g5 43. Bd5 Kd6 44. Bf3 e4 45. Bh5 f4 46. c5+ Kc6 47. Be8+ Kc7 48. Bg6 1-0